| 000 | 00969nam a2200301Ia 4500 | ||
|---|---|---|---|
| 001 | Z_5264 | ||
| 003 | CHAP | ||
| 008 | 220113s2005 xx 000 0 und d | ||
| 010 | _a168328 | ||
| 040 | _cCHAP | ||
| 090 | _aTesis A 1867 | ||
| 100 |
_aArreola Gómez, Miguel Alejandro _97447 |
||
| 245 |
_aEfecto del uso de cultivos de levaduras (Saccharomyces cerevisiae) en la alimentación de cabritos en crecimiento / _cpor Miguel Alejandro Arreola Gómez |
||
| 260 |
_aChapingo, Méx. : _bEl autor, _c2005 |
||
| 300 | _a57 h. | ||
| 502 | _aTesis (Ing. Agr. Esp. en Zootecnia) -- UACH. Departamento de Zootecnia | ||
| 650 |
_aCabritos _x Crecimiento _9142606 |
||
| 650 |
_aCabritos _xNutrición _9142607 |
||
| 650 |
_aGanado Cabrio _944988 |
||
| 650 |
_aLevaduras en alimentación animal _966404 |
||
| 650 | 7 |
_aSaccharomyces cerevisiae _2 _9101125 |
|
| 901 | _aTESIS A 1867 | ||
| 902 | _aM | ||
| 910 | _a2005 | ||
| 942 | _c2 | ||
| 942 | _c2 | ||
| 999 |
_c168328 _d168328 |
||